Chansons de Céline Dion (en français) - Statistiques

Statistiques générales
  • Ce quiz a été pris 69 fois
  • Le résultat moyen est 30 sur 165
Statistiques - réponses
Album Titre % Correct
D'eux 1 Pour que tu m'aimes encore
86%
Encore un soir 4 Encore un soir
76%
S'il suffisait d'aimer 12 S'il suffisait d'aimer
76%
D'eux 9 J'irai où tu iras
71%
Sans attendre 1 Parler à mon père
66%
D'eux 11 Prière païenne
64%
Tellement j'ai d'amour… 1 D'amour ou d'amitié
62%
Des mots qui sonnent 8 Un garçon pas comme les autres (Ziggy)
59%
D'eux 4 Je sais pas
55%
S'il suffisait d'aimer 3 On ne change pas
53%
Une fille et quatre types 1 Tout l'or des hommes
45%
D'eux 12 Vole
45%
D'eux 7 Destin
41%
Incognito 1 Incognito
40%
Des mots qui sonnent 1 Des mots qui sonnent
38%
Des mots qui sonnent 12 L'amour existe encore
38%
D'eux 2 Le ballet
38%
D'eux 8 Les derniers seront les premiers
36%
Mélanie 1 Mélanie
36%
Incognito 7 Ne partez pas sans moi
36%
S'il suffisait d'aimer 9 Dans un autre monde
34%
La Voix du Bon Dieu 1 La Voix du Bon Dieu
33%
Tellement j'ai d'amour… 8 La Voix du Bon Dieu
33%
D'eux 5 La mémoire d'Abraham
31%
D'eux 3 Regarde-moi
29%
S'il suffisait d'aimer 2 Zora sourit
29%
C'est pour toi 1 C'est pour toi
28%
D'eux 6 Cherche encore
28%
S'il suffisait d'aimer 6 En attendant ses pas
28%
Une fille et quatre types 8 Je lui dirai
28%
Les Chemins de ma maison 10 Les Chemins de ma maison
28%
D'eux 10 J'attendais
26%
Des mots qui sonnent 6 Le Blues du businessman
26%
Une fille et quatre types 6 Et je t'aime encore
24%
S'il suffisait d'aimer 5 Terre
24%
S'il suffisait d'aimer 4 Je chanterai
22%
Sans attendre 2 Le Miracle
22%
Encore un soir 2 L'Étoile
22%
S'il suffisait d'aimer 7 Papillon
22%
La Voix du Bon Dieu 6 Ce n'était qu'un rêve
21%
S'il suffisait d'aimer 1 Je crois toi
21%
Sans attendre 14 Les Petits Pieds de Léa
21%
Encore un soir 8 Ordinaire
21%
D'elles 2 Immensité
19%
Des mots qui sonnent 5 Je danse dans ma tête
19%
S'il suffisait d'aimer 8 L'Abandon
19%
Sans attendre 7 La mer et l'enfant
19%
Des mots qui sonnent 2 Le monde est stone
19%
Les Chemins de ma maison 1 Mon ami m'a quittée
19%
Céline Dion chante Noël 3 Petit Papa Noël
19%
D'elles 3 À cause
17%
Sans attendre 5 Attendre
17%
D'elles 13 Berceuse
17%
Une fille et quatre types 12 Des milliers de baisers
17%
D'elles 1 Et s'il n'en restait qu'une (Je serais celle-là)
17%
D'elles 9 Je ne suis pas celle
17%
Encore un soir 5 Je nous veux
17%
D'elles 6 La diva
17%
Une fille et quatre types 9 Mon homme
17%
D'elles 8 Si j’étais quelqu’un
17%
S'il suffisait d'aimer 10 Sur le même bateau
17%
Mélanie 9 Trois heures vingt
17%
Encore un soir 15 Trois heures vingt
17%
Sans attendre 6 Une chance qu'on s'a
17%
Une fille et quatre types 2 Apprends-moi
16%
Sans attendre 9 Celle qui m'a tout appris
16%
D'elles 4 Je cherche l'ombre
16%
Sans attendre 10 Je n'ai pas besoin d'amour
16%
Encore un soir 6 Les Yeux au ciel
16%
Incognito 2 Lolita (trop jeune pour aimer)
16%
Sans attendre 8 Moi quand je pleure
16%
Incognito 3 On traverse un miroir
16%
Sans attendre 12 Que toi au monde
16%
Sans attendre 3 Qui peut vivre sans amour ?
16%
Une fille et quatre types 7 Retiens-moi
16%
Sans attendre 11 Si je n'ai rien de toi
16%
Sans attendre 13 Tant de temps
16%
Tellement j'ai d'amour… 4 Tellement j'ai d'amour pour toi
16%
Une fille et quatre types 5 Tu nages
16%
Encore un soir 9 Tu sauras
16%
Encore un soir 12 À la plus haute branche
14%
Encore un soir 13 À vous
14%
D'elles 7 Femme comme chacune
14%
Des mots qui sonnent 3 J'ai besoin d'un chum
14%
Encore un soir 11 Le Bonheur en face
14%
D'elles 10 Le temps qui compte
14%
Une fille et quatre types 3 Le Vol d'un ange
14%
Encore un soir 3 Ma Faille
14%
Une fille et quatre types 4 Ne bouge pas
14%
D'elles 12 On s'est aimé à cause
14%
Encore un soir 7 Si c'était à refaire
14%
Mélanie 8 Benjamin
12%
Incognito 8 Comme un cœur froid
12%
Une fille et quatre types 11 Contre nature
12%
Incognito 6 D'abord, c'est quoi l'amour?
12%
Les Chemins de ma maison 6 Du soleil au cœur
12%
Incognito 5 Jours de fièvre
12%
Les Chemins de ma maison 9 La dodo la do
12%
Des mots qui sonnent 4 Le Fils de Superman
12%
Des mots qui sonnent 10 Les uns contre les autres
12%
Des mots qui sonnent 7 Piaf chanterait du rock
12%
Encore un soir 1 Plus qu'ailleurs
12%
Des mots qui sonnent 9 Quelqu'un que j'aime, quelqu'un qui m'aime
12%
Une fille et quatre types 10 Rien n'est vraiment fini
12%
S'il suffisait d'aimer 11 Tous les blues sont écrits pour toi
12%
Encore un soir 10 Toutes ces choses
12%
Mélanie 10 Une colombe
12%
Céline Dion chante Noël 10 Joyeux Noël
10%
Chants et contes de Noël 4 Joyeux Noël
10%
D'elles 5 Les paradis
10%
Encore un soir 14 Ma force
10%
Des mots qui sonnent 11 Oxygène
10%
Mélanie 4 Trop jeune à dix-sept ans
10%
Une fille et quatre types 13 Valse adieu
10%
Chants et contes de Noël 6 À quatre pas d'ici
9%
C'est pour toi 7 Avec toi
9%
C'est pour toi 10 C'est pour vivre
9%
Les Chemins de ma maison 8 Hello mister Sam
9%
C'est pour toi 6 Les Oiseaux du bonheur
9%
D'elles 11 Lettre de George Sand à Alfred de Musset
9%
Mélanie 5 Mon rêve de toujours
9%
Céline Dion chante Noël 6 Noël Blanc
9%
Mélanie 3 Un amour pour moi
9%
C'est pour toi 4 Elle
7%
Céline Dion chante Noël 1 Glory Alleluia
7%
Chants et contes de Noël 8 Glory Alleluia
7%
Sans attendre 4 L'amour peut prendre froid
7%
Céline Dion chante Noël 2 Le P'tit Renne au nez rouge
7%
Incognito 4 Ma chambre
7%
Les Chemins de ma maison 3 Ne me plaignez pas
7%
Tellement j'ai d'amour… 7 Visa pour les beaux jours
7%
La Voix du Bon Dieu 2 Au secours
5%
La Voix du Bon Dieu 4 Autour de moi
5%
Mélanie 2 Chante-moi
5%
Mélanie 7 Comme on disait avant
5%
La Voix du Bon Dieu 5 Grand-maman
5%
Céline Dion chante Noël 8 J'ai vu maman embrasser le père Noël
5%
La Voix du Bon Dieu 3 L'Amour viendra
5%
Céline Dion chante Noël 5 Les Enfants oubliés
5%
La Voix du Bon Dieu 9 Les Roses blanches
5%
Tellement j'ai d'amour… 9 Le Vieux Monsieur de la rue Royale
5%
Céline Dion chante Noël 7 Père Noël arrive ce soir
5%
Céline Dion chante Noël 9 Promenade en traîneau
5%
Chants et contes de Noël 2 Promenade en traîneau
5%
La Voix du Bon Dieu 7 Seul un oiseau blanc
5%
La Voix du Bon Dieu 8 Tire l'aiguille
5%
Mélanie 6 Va où s'en va l'amour
5%
C'est pour toi 8 Amoureuse
3%
C'est pour toi 3 Dis-moi si je t'aime
3%
Tellement j'ai d'amour… 5 Écoutez-moi
3%
Les Chemins de ma maison 7 Et puis un jour
3%
Tellement j'ai d'amour… 2 Le Piano fantôme
3%
Tellement j'ai d'amour… 6 Le Tour du monde
3%
Les Chemins de ma maison 5 Mamy Blue
3%
C'est pour toi 5 Pour vous
3%
Les Chemins de ma maison 2 Toi sur ta montagne
3%
C'est pour toi 2 Tu es là
3%
Tellement j'ai d'amour… 3 Tu restes avec moi
3%
Les Chemins de ma maison 4 Vivre et donner
3%
Chants et contes de Noël 5 Céline et Pinotte
2%
Céline Dion chante Noël 4 Douce nuit, sainte nuit
2%
Chants et contes de Noël 7 Le Conte de Karine
2%
Chants et contes de Noël 3 Pourquoi je crois encore au père Noël
2%
Chants et contes de Noël 1 Un enfant
2%
C'est pour toi 9 Virginie… roman d'amour
2%
Aucun quiz correspondant
Distribution des résultats
% des personnes avec chaque résultat
Percentile par nombre de réponses
Votre historique - résultats
Vous n’avez pas pris ce quiz